<?xml version="1.0" encoding="UTF-8"?>
<collection xmlns="http://www.loc.gov/MARC21/slim">
 <record>
  <leader>00419pamaa2200145   4500</leader>
  <controlfield tag="001">0000029544</controlfield>
  <controlfield tag="005">20120404090000.0</controlfield>
  <datafield tag="020" ind1="0" ind2="0">
   <subfield code="a">079061054X </subfield>
  </datafield>
  <datafield tag="082" ind1=" " ind2=" ">
   <subfield code="a">658.473 MCC 1994</subfield>
  </datafield>
  <datafield tag="090" ind1="0" ind2="0">
   <subfield code="a">QA76.9.A25 </subfield>
   <subfield code="b">MCC 1994</subfield>
  </datafield>
  <datafield tag="100" ind1="1" ind2="0">
   <subfield code="a">McComb </subfield>
  </datafield>
  <datafield tag="245" ind1="1" ind2="0">
   <subfield code="a">Security systems : </subfield>
   <subfield code="b">for your home and automobile  </subfield>
   <subfield code="c">Gordon McComb.</subfield>
  </datafield>
  <datafield tag="260" ind1="0" ind2="0">
   <subfield code="a">indianapolis: </subfield>
   <subfield code="b">Prompt Pub., </subfield>
   <subfield code="c">1994.</subfield>
  </datafield>
  <datafield tag="300" ind1=" " ind2=" ">
   <subfield code="a">various pages: </subfield>
   <subfield code="b">ill.; </subfield>
   <subfield code="c">24cm.</subfield>
  </datafield>
  <datafield tag="650" ind1="0" ind2="0">
   <subfield code="a">Security systems </subfield>
  </datafield>
 </record>
</collection>
